000
00229nam a22001097a 4500
020
_a
978-986-88115-1-5
100
_a
潘叡儀
245
_a
病房有貓耶
_c
潘叡儀
250
_a
初版
260
_c
2023.03
942
_2
ccl
_c
BOOK
999
_c
7498
_d
7498